000 00877nam a2200277 i 4500
001 bg
100 1 _aMANSFIELD, Ron
245 1 0 _aWord 97 :
_bod podstaw do mistrzostwa : (opis wersji polskiej i angielskiej) /
_cRon Mansfield ; z ang. przeł. Bogdan Krzymowski, Bożena Tyrowicz, Łukasz Brud.
246 _iTyt. oryg.:
_aMastering Word 97
250 _aWyd. 4 popr. i rozsz.
260 _aWarszawa :
_b"Help",
_c1997.
300 _a1083 s. :
_brys., wykr. ;
_c24 cm.
500 _aOryg. : "Mastering Word 97". 1997.
504 _aIndeks.
521 _aDla początkujących i zaawansowanych.
650 9 _aWindows 95
650 9 _aWord for Windows
655 _aPodręczniki
020 _a8387211117
040 _cBPK
041 1 _apl
_hen
080 _a004.42Word(07)
920 _a83-87211-11-7
942 _cKS
008 s pl f |000 0 pol
999 _c33535
_d33535
856 _uhttp://koha.tu.koszalin.pl/cgi-bin/koha/opac-detail.pl?biblionumber=33535
_yKatalog online BPK